000 01018nam0a2200289 4500
001 RU\NLR\bibl\407507
005 20250622170221.0
010 _a5-9557-0010-2
_93000
021 _aRU
_b2003-36015
_91709
035 _a(NLR Aleph) 000401603
090 _a578697
_c578697
100 _a20030610d2003 |||y0rusy50 ca
101 0 _arus
102 _aRU
105 _ay |||||||||
200 1 _aПризыв в армию
_eНовые мед. требования
210 _aМ.
_cРИОР
_d2003
215 _a150 с.
_d21
606 0 _aПризыв на действительную военную службу
_yРоссийская Федерация
_92078447
_3RU\NLR\auth\661254304
606 0 _aВоенно-врачебная экспертиза
_yРоссийская Федерация
_92074096
_3RU\NLR\auth\661249066
686 _aЦ4,6(2Р)231
686 _aЦ7,6(2Р)622.2
801 0 _aRU
_bNLR
_c20030610
_gPSBO
801 1 _aRU
_bNLR
_c20030610
942 _cBOOK
980 _aNB